Gratry /

I tiakina i:
Ngā taipitopito rārangi puna kōrero
Kaituhi matua: Marrucchi, Angelica (autor)
Hōputu: Pukapuka
Reo:Itāriana
I whakaputaina: Milán, Italia : Vita e Pensiero, 1923, c1923
Rangatū:(Il Pensiero Cristiano ; 4)
Ngā marau:
Ngā Tūtohu: Tāpirihia he Tūtohu
Kāore He Tūtohu, Me noho koe te mea tuatahi ki te tūtohu i tēnei pūkete!

MARC

LEADER 00000nam^a2200000^a^4500
001 000380763
005 20250526000000.0
009 20260310120619.825
037 |a Acervo Xavier Clavigero 
041 |a ITA 
082 |a 230. 092  |b MAR 
100 |a Marrucchi, Angelica  |e (autor) 
245 1 0 |a Gratry /  |c A. Marruchi. 
264 4 |a Milán, Italia :  |b Vita e Pensiero,  |c 1923, c1923 
300 |a 384 p. ;  |c 19.0 cm. 
336 |a texto  |b txt  |2 rdacontenido 
337 |a sin mediación  |b n  |2 rdamedio 
338 |a volumen  |b nc  |2 rdasoporte 
440 4 |a (Il Pensiero Cristiano ;  |v 4) 
561 |a Ex libris manuscrito ilegible 
561 |a Ex libris de Bibl. Phil. Prov. Mex. S.I. 
561 |a Ex libris de Instituto de Literatura Puente Grande, Jal. 
561 |a Ex libris de Bibl. Iunioratus Dom. Prob. S. Ioseph 
561 |a Ex libris de Bibliotheca Collegii Maximi Prov. Mexicanae, S.J. 
649 |a XX 
650 |a Filósofos Franceses -  |x Biografías 
650 |a Teólogos Franceses -  |x Biografías 
650 |a Alma y Cuerpo 
650 |a Eternidad 
650 |a Muerte (En Religión, Folklore, etc.) 
650 |a Sacrificio 
650 |a Filosofía del Siglo XIX -  |x Historia y Crítica 
650 |a Filosofía Francesa -  |x Historia y Crítica 
650 |a Filosofía y Religión -  |z Francia -  |x Historia y Crítica 
650 |a Catolicismo 
650 |a Cristianismo 
650 |a Religión 
650 |a Gratry, Auguste Joseph Alphonse -  |x Tema Principal 
910 |a Fondo General 
920 |a Impresos - Libros 
930 |a Libros Antiguos y Raros 
905 |a 108 
901 |a 012244  |b IT2  |c LRA  |u 20250526 
902 |a https://opac.biblio.iteso.mx/vufind/Record/000380763